Estatísticas para Elenco das Seleções do Brasil em Copas do Mundo da FIFA

Clique aqui para jogar o quiz

Estatísticas Gerais

  • Esse quiz foi jogado 214 vezes
  • A pontuação média é 183 de 489

Estatísticas das Respostas

PosiçãoJogador% Correto
10 ATNeymar
92%
01 GKAlisson
89%
11 ATÉder
86%
09 AT | 20 ATRonaldo
86%
10 ATPelé
85%
02 DF | 03 DF | 03 DF [C] | 15 DFThiago Silva
84%
02 DF | 13 DFDaniel Alves
81%
23 GKEderson
81%
08 MC | 09 AT | 18 MC | 21 ATFred
81%
08 MC | 10 MC | 23 MCKaká
81%
04 DF | 13 DFMarquinhos
81%
10 AT | 10 MCRivaldo
81%
04 DFDavid Luiz
80%
06 DF | 12 DFMarcelo
80%
01 GK | 12 GK | 14 DF | 22 GKJúlio César
78%
ATRoberto
78%
11 ATRomário
78%
09 AT | 18 ATGabriel Jesus
77%
01 GKMarcos
77%
06 DFRoberto Carlos
77%
01 GKTaffarel
77%
02 DF | 02 DF [C] | 14 DFCafú
76%
20 ATVinícius Júnior
76%
07 AT | 16 AT | 20 ATBebeto
75%
08 AT | 10 ATZico
75%
05 MCCasemiro
74%
01 GK | 12 GK | 22 GKDida
74%
07 AT | 11 AT | 16 ATGarrincha
74%
09 ATRicharlison
74%
10 MC | 11 MCRonaldinho Gaúcho
74%
03 DF | 11 MCOscar
73%
12 GKCarlos Germano
72%
03 DF | 03 DF [C]Lúcio
72%
12 GKWeverton
72%
07 ATAdriano
70%
01 GK | 12 GK | 22 GKCarlos
69%
12 GK | 22 GKRogério Ceni
69%
02 DF | 14 DFDanilo
68%
MCDanilo Alvim
68%
21 ATRodrygo
68%
09 ATCoutinho
67%
16 GKCássio
66%
21 AT
66%
25 ATPedro
66%
12 GK | 19 MCRenato
66%
11 AT | 23 ATRobinho
64%
08 MC [C] | 18 MCSócrates
64%
06 DF | 16 DFJúnior
61%
07 MCLucas Paquetá
61%
06 DFAlex Sandro
60%
18 MCBufalo Gil
60%
05 MC | 17 MCFernandinho
59%
07 ATHulk
59%
10 AT | 10 AT [C] | 11 ATRivellino
59%
04 DF [C]Carlos Alberto
58%
01 GK | 22 GKLeão
58%
18 MCVampeta
58%
04 MC | 08 MC [C]Dunga
57%
11 ATRaphinha
57%
07 AT | 21 ATZagallo
56%
13 DFDante
55%
16 DFGilberto
55%
08 MC | 17 MCGilberto Silva
55%
09 ATLuís Fabiano
55%
02 DF | 23 DFMaicon
55%
13 MC | 17 MC | 19 ATDenilson
53%
ATJair
53%
18 ATJair da Costa
53%
12 DFJair Marinho
53%
19 MCJuninho Paulista
53%
19 MCJuninho Pernambucano
53%
08 MC | 15 MCPaulinho
53%
12 DFPaulinho de Almeida
53%
04 DFRoque Júnior
53%
16 DFAlex Telles
52%
20 ATBernard
52%
17 MCBruno Guimarães
52%
14 DFÉder Militão
52%
26 ATGabriel Martinelli
52%
09 AT | 20 ATTostão
52%
03 DFMiranda
51%
22 DFFagner
50%
06 DF | 17 DFBranco
49%
21 ATEdmundo
49%
05 MC | 15 MCFalcão
49%
05 MCFelipe Melo
49%
06 DFFilipe Luís
49%
01 GKJefferson
49%
08 MCRenato Augusto
49%
24 DFBremer
48%
15 MC | 20 MCKléberson
48%
19 ATAntony
47%
20 ATEdilson
47%
07 AT | 17 ATJairzinho
45%
09 MCZinho
45%
09 ATCareca
44%
04 DFJuan
44%
17 MCLuiz Gustavo
44%
19 MCWilliam
44%
ATAdemir de Menezes
42%
16 DF | 18 MCLeonardo
42%
10 MCRaí
42%
11 MC | 16 DFZé Roberto
42%
06 MC | 08 MC | 21 ATDidi
41%
22 MCEverton Ribeiro
41%
15 MCFabinho
41%
22 GKVictor
41%
05 DFEdimilson
40%
07 MCElano
40%
01 GK | 03 GK | 22 GKGilmar
40%
07 MC | 20 MCRicardinho
40%
05 MC | 11 MCEmerson
39%
20 ATRoberto Firmino
39%
14 DFAnderson Polga
38%
23 ATGrafite
38%
AT | AT [C]Leônidas da Silva
38%
21 ATLuizão
38%
11 AT | 22 ATPepe
38%
11 MCPhilipe Coutinho
38%
12 GKZetti
38%
02 DFLeandro
36%
13 DFCicinho
35%
08 MC | 11 MCGérson
35%
14 DFLuisão
35%
19 AT | 20 ATVavá
35%
13 DFBelleti
34%
02 DF | 04 DFDjalma Santos
34%
03 DF | 06 DF | 12 DF | DFNilton Santos
34%
21 ATTaison
34%
12 GKDoni
33%
07 ATDouglas Costa
33%
17 MC | 18 DFMazinho
33%
21 ATNilmar
33%
20 ATRoberto Dinamite
33%
04 MC | 15 MC | 19 MCZito
33%
03 DF | 13 DF | 14 DFAldair
32%
04 DFJúnior Baiano
32%
16 DF | 21 DFMauro Galvão
32%
05 MCMauro Silva
32%
07 AT | 15 AT | 19 ATMüller
32%
16 MC | 18 MCRamires
32%
17 ATRenato Gaúcho
32%
03 DF | 19 DFRicardo Rocha
32%
01 GKFélix
31%
04 DFRonaldão
31%
02 DFToninho
31%
18 ATAdemir da Guia
30%
05 MCCésar Sampaio
30%
02 DFJorginho
30%
19 ATSilva
30%
08 ATCasagrande
28%
05 MCClodoaldo
28%
15 DFHenrique
28%
18 MCHernanes
28%
15 DFMárcio Santos
28%
21 ATViola
28%
02 DF [C] | 04 DF [C] | 13 DFBellini
27%
20 ATDadá Maravilha
27%
22 GKGomes
27%
18 MCMineiro
27%
09 ATSerginho Chulapa
27%
05 MCToninho Cerezo
27%
19 AT | 20 AT | 22 ATEdu
26%
17 MCJosué
26%
19 ATJúlio Baptista
26%
06 DFMichel Bastos
26%
04 DFPedro Geromel
26%
09 ATReinaldo
26%
03 DF [C]Ricardo Gomes
26%
01 GK | 22 GKWaldir Peres
25%
GKBarbosa
24%
19 MCJorge Mendonça
24%
04 DFLuizinho
24%
12 GKManga
24%
14 DFMaxwell
24%
12 GK | 18 ATPaulo Sérgio
24%
20 MCTita
24%
20 ATAmarildo
23%
04 DF [C] | 06 DF | 16 DFEdinho
23%
16 DFEveraldo
23%
17 DFPedrinho
23%
04 DFAmaral
22%
18 ATMazzola
22%
13 DFMozer
22%
11 AT | 18 ATPaulo Cézar Caju
22%
15 DFCris
20%
14 DFGonçalves
20%
17 AT | 17 DF | GKJoel
20%
06 DFMarinho Chagas
20%
13 DF | 22 GKZé Carlos
20%
MCZizinho
20%
05 DF | 09 DFZózimo
20%
05 MC | 15 MCAlemão
19%
02 DF | 05 DFBrito
19%
MCBritto
19%
08 DFPaulo Henrique
19%
22 GKWaldir Peres
19%
01 GK | 22 GK | GKCastilho
18%
ATChico
18%
11 AT | 21 ATDirceu
18%
02 DFÉdson Boaro
18%
MCFernando
18%
13 DF | 14 DFNelinho
18%
10 MC | 20 ATSilas
18%
08 MC | 21 MCValdo
18%
12 GKAdo
17%
MCAlfredo
17%
15 DFAlfredo Mostarda
17%
06 DF | 15 DFAltair
17%
15 DFAndré Cruz
17%
DF [C]Augusto da Costa
17%
21 MCChicão
17%
13 DFEdevaldo
17%
13 DFJosimar
17%
02 DFLuís Pereira
17%
17 MCMengálvio
17%
07 ATPaulo Isidoro
17%
11 ATRodrigues
17%
ATRodrigues Tatu
17%
17 MC | 18 MCBatista
16%
07 MCBismarck
16%
14 DFDe Sordi
16%
17 MCDoriva
16%
15 DFFontana
16%
08 ATLeivinha
16%
14 MCLima
16%
ATLuisinho
16%
07 DF [C] | 15 DFOrlando
16%
16 DFRodrigues Neto
16%
04 DF | 21 DFZé Maria
16%
07 ATZé Sérgio
16%
14 DFAbel
15%
12 GKAcácio
15%
17 MCCarpegiani
15%
11 ATEdivaldo
15%
19 MCElzo
15%
07 ATGiovanni
15%
03 DF [C] | 15 MC | 16 DFMauro Ramos
15%
03 DF | 05 DF [C]Wilson Piazza
15%
14 DFBaldochi
14%
DFBigode
14%
09 ATCésar Maluco
14%
05 MCDino
14%
DFDomingos da Guia
14%
07 ATJulinho
14%
06 DF | 16 DFMarco Antônio
14%
19 ATMirandinha
14%
12 GKPaulo Vitor
14%
15 DFPolozzi
14%
AT [C]Preguinho
14%
13 ATValdomiro
14%
GKVelloso
14%
18 ATAlcindo
13%
09 AT | ATBaltazar
13%
06 DF [C] | MCBauer
13%
ATFriaça
13%
14 DFJurandir
13%
17 ATMaurinho
13%
13 MCMoacir
13%
08 DFOreco
13%
21 ATParaná
13%
10 ATPinga
13%
09 DFRildo
13%
16 MCZequinha
13%
MCBrandão
11%
04 DFBrandãozinho
11%
03 DFFidélis
11%
13 ATRoberto Miranda
11%
DFBrilhante
10%
19 ATÍndio
10%
22 GKCabeção
9%
ATRomeu
9%
GKGermano
8%
14 DFJuninho Fonseca
8%
05 DFPinheiro
8%
18 ATHumberto Tozzi
7%
03 DFMarinho Neves
7%
MCRui
7%
21 GKVeludo
7%
ATWaldemar de Brito
7%
MCZezé Procópio
7%
16 MCDequinha
6%
14 MC | DFEly
6%
DFItália
6%
DFJuvenal
6%
ATNilo Braga
6%
DFOscarino
6%
DFSylvio Hoffmann
6%
ATAdãozinho
5%
ATAraken Patusca
5%
ATManeca
5%
DFNena
5%
MCNoronha
5%
ATPatesko
5%
ATTim
5%
13 DFAlfredo Ramos
3%
GKBatatais
3%
MCFausto
3%
DFNariz
3%
ATPerácio
3%
20 MCRubens
3%
ATTeóphilo
3%
MCAfonsinho
2%
ATÁtila
2%
ATCarvalho Leite
2%
MCFortes
2%
ATHércules
2%
MCHermógenes
2%
DFJaú
2%
ATManoelzinho
2%
ATModerato
2%
ATNiginho
2%
MCPamplona
2%
GKPedrosa
2%
ATPoly
2%
ATRussinho
2%
MCWaldyr
2%
GKWalter
2%
DFZé Luiz
2%
MCArgemiro
1%
MCAriel
1%
ATArmandinho
1%
MCBenevenuto
1%
ATDoca
1%
MCIvan Mariz
1%
ATLopes
1%
DFLuiz Luz
1%
DFMachado
1%
DFOtacílio
1%
MCTinoco
1%
MCCanali
0%
MC [C]Martim Silveira
0%

Distribuição das Pontuações

Percentil de Números Respondidos

Porcentagem de Pessoas com Cada Pontuação

Sua Pontuação Histórica

Você não jogou esse quiz